<?xml version="1.0" encoding="UTF-8"?>
<collection xmlns:xsi="http://www.w3.org/2001/XMLSchema-instance" xsi:schemaLocation="http://www.loc.gov/MARC21/slim http://www.loc.gov/standards/marcxml/schema/MARC21slim.xsd" xmlns="http://www.loc.gov/MARC21/slim">
 <record>
  <leader>00000cam a22000004a 4500</leader>
  <controlfield tag="001">UP-99796217611629892</controlfield>
  <controlfield tag="003">Buklod</controlfield>
  <controlfield tag="005">20150609154328.0</controlfield>
  <controlfield tag="006">a     r    |||| u|</controlfield>
  <controlfield tag="007">ta</controlfield>
  <controlfield tag="008">110606s2011    enk     rb   |001 0|eng d</controlfield>
  <datafield tag="020" ind1=" " ind2=" ">
   <subfield code="a">9781409425687 (hardback : alk. paper)</subfield>
  </datafield>
  <datafield tag="020" ind1=" " ind2=" ">
   <subfield code="a">9781409425694 (paperback : alk paper)</subfield>
  </datafield>
  <datafield tag="035" ind1=" " ind2=" ">
   <subfield code="a">(iLib)UPD-00246505766</subfield>
  </datafield>
  <datafield tag="040" ind1=" " ind2=" ">
   <subfield code="a">DLC</subfield>
   <subfield code="d">DIS</subfield>
  </datafield>
  <datafield tag="050" ind1="0" ind2="0">
   <subfield code="a">HV6433E85</subfield>
   <subfield code="b">J54 2011</subfield>
  </datafield>
  <datafield tag="245" ind1="0" ind2="0">
   <subfield code="a">Jihadi terrorism and the radicalisation challenge</subfield>
   <subfield code="b">European and American experiences</subfield>
   <subfield code="c">edited by Rik Coolsaet.</subfield>
  </datafield>
  <datafield tag="264" ind1=" " ind2="1">
   <subfield code="a">Farnham, Surrey</subfield>
   <subfield code="b">Ashgate</subfield>
   <subfield code="c">c2011.</subfield>
  </datafield>
  <datafield tag="300" ind1=" " ind2=" ">
   <subfield code="a">xiii, 326 p.</subfield>
   <subfield code="c">24 cm.</subfield>
  </datafield>
  <datafield tag="336" ind1=" " ind2=" ">
   <subfield code="a">text</subfield>
   <subfield code="2">rdacontent</subfield>
  </datafield>
  <datafield tag="337" ind1=" " ind2=" ">
   <subfield code="a">unmediated</subfield>
   <subfield code="2">rdamedia</subfield>
  </datafield>
  <datafield tag="338" ind1=" " ind2=" ">
   <subfield code="a">volume</subfield>
   <subfield code="2">rdacarrier</subfield>
  </datafield>
  <datafield tag="504" ind1=" " ind2=" ">
   <subfield code="a">Includes bibliographical references and index.</subfield>
  </datafield>
  <datafield tag="505" ind1="0" ind2=" ">
   <subfield code="a">Jihadi terrorism : a global assessment of the threat / Paul Pillar -- Al-Qaeda : a true global movement / Olivier Roy -- Logics of jihadi violence in North Africa / Hugh Roberts -- &quot;Terrorism studies&quot; : a critical appraisal / Teun Van de Voorde -- The debate over &quot;old&quot; vs. &quot;new&quot; terrorism / Martha Crenshaw -- Radicalisation and terrorism in history : lessons from the radical left terrorist campaigns in Europe and the United States / Leena Malkki -- Cycles of revolutionary terrorism / Rik Coolsaet -- Muslims in Europe and the US : a shared but overrated risk of radicalism / Jocelyne Cesari -- The turn to political violence in the West / Marc Sageman -- Characteristics of Jihadi terrorists in Europe (2001- 2009) / Edwin Bakker -- Dutch extremist Islamism : Van Gogh's murderer and his ideas / Rudolph Peters -- The rise and demise of Jihadi terrorism in Belgium / Rik Coolsaet -- Disengagement, de-radicalization and the arc of terrorism : future directions for research / John Horgan, Max Taylor -- Group desistence from terrorism : the dynamics of actors, actions and outcomes / Clark McCauley -- (De-)escalating radicalisation. The debate within immigrant communities in Europe / Tarik Fraihi -- Competing counter-radicalisation models in the UK / Robert Lambert -- Counterterrorism and counter-radicalisation in Europe. how much unity in diversity? / Rik Coolsaet -- Counter-radicalisation in the United States / Lorenzo Vidino -- Epilogue: terrorism and radicalisation : what do we now know?</subfield>
  </datafield>
  <datafield tag="650" ind1=" " ind2="0">
   <subfield code="a">Terrorism</subfield>
   <subfield code="z">Europe.</subfield>
  </datafield>
  <datafield tag="650" ind1=" " ind2="0">
   <subfield code="a">Terrorism</subfield>
   <subfield code="z">United States.</subfield>
  </datafield>
  <datafield tag="650" ind1=" " ind2="0">
   <subfield code="a">Jihad.</subfield>
  </datafield>
  <datafield tag="650" ind1=" " ind2="0">
   <subfield code="a">Radicalism</subfield>
   <subfield code="z">Europe.</subfield>
  </datafield>
  <datafield tag="650" ind1=" " ind2="0">
   <subfield code="a">Radicalism</subfield>
   <subfield code="z">United States.</subfield>
  </datafield>
  <datafield tag="650" ind1=" " ind2="0">
   <subfield code="a">Islamic fundamentalism</subfield>
   <subfield code="z">Europe.</subfield>
  </datafield>
  <datafield tag="650" ind1=" " ind2="0">
   <subfield code="a">Islamic fundamentalism</subfield>
   <subfield code="z">United States.</subfield>
  </datafield>
  <datafield tag="650" ind1=" " ind2="0">
   <subfield code="a">Terrorism</subfield>
   <subfield code="z">Europe</subfield>
   <subfield code="x">Prevention.</subfield>
  </datafield>
  <datafield tag="650" ind1=" " ind2="0">
   <subfield code="a">Terrorism</subfield>
   <subfield code="z">United States</subfield>
   <subfield code="x">Prevention.</subfield>
  </datafield>
  <datafield tag="700" ind1="1" ind2=" ">
   <subfield code="a">Coolsaet, R.</subfield>
  </datafield>
  <datafield tag="905" ind1=" " ind2=" ">
   <subfield code="a">FO</subfield>
  </datafield>
  <datafield tag="950" ind1=" " ind2=" ">
   <subfield code="a">Monograph</subfield>
  </datafield>
  <datafield tag="852" ind1="0" ind2=" ">
   <subfield code="a">UPD</subfield>
   <subfield code="b">DIS</subfield>
   <subfield code="h">HV6433 E85</subfield>
   <subfield code="i">J54 2011</subfield>
  </datafield>
  <datafield tag="942" ind1=" " ind2=" ">
   <subfield code="a">Book</subfield>
  </datafield>
 </record>
</collection>
